Slovenský jazyk a literatúra : zbierka testov : s aktuálnym prehľadom gramatiky a literatúry : monitor a prijímacie pohovory] /
Uložené v:
| Hlavní autori: | , |
|---|---|
| Médium: | Kniha |
| Jazyk: | Slovak |
| Vydané: |
Žilina :
Školmédia,
2012.
|
| Vydanie: | 10. dopl. a preprac. vyd. |
| Edícia: | Edícia 2013
|
| Témy: | |
| ISBN: |
9788089380176 (brož.) |
| Fyzický popis: |
317 s. ; 30 cm. |
| Tagy: |
Pridať tag
monitor
1
|
Titul je dostupný aj v ... 

MARC
| LEADER | 00000cam a2200000 a 4500 | ||
|---|---|---|---|
| 001 | 000416621 | ||
| 005 | 20130821124955.0 | ||
| 008 | 121127s2012 xo c f 000 0 slo d | ||
| 020 | |a 9788089380176 (brož.) | ||
| 040 | |a SVKKK |b slo |c SVKKK |e AACR2 | ||
| 041 | 0 | |a slo | |
| 044 | |a xo |c SK | ||
| 072 | 7 | |a 811.162.4 |x Slovenčina |2 konspekt | |
| 080 | |a 811.162.4 |2 2001 | ||
| 080 | |a 82 |2 2001 | ||
| 080 | |a 373.3.016 |2 2001 | ||
| 080 | |a 331.108.37 |2 2001 | ||
| 080 | |a 373.5/.6+377.1/.3 |2 2001 | ||
| 080 | |a (079.1) |2 2001 | ||
| 080 | |a (076.5) |2 2001 | ||
| 100 | 1 | |a Hybenová, Ľubica | |
| 245 | 1 | 0 | |a Slovenský jazyk a literatúra : |b zbierka testov : s aktuálnym prehľadom gramatiky a literatúry : monitor a prijímacie pohovory] / |c Ľubica Hybenová, Renáta Saganová. |
| 250 | |a 10. dopl. a preprac. vyd. | ||
| 260 | |a Žilina : |b Školmédia, |c 2012. | ||
| 300 | |a 317 s. ; |c 30 cm. | ||
| 490 | 1 | |a Edícia 2013 | |
| 650 | 0 | 7 | |a slovenčina |2 SVKKKPH |
| 650 | 0 | 7 | |a literatúra |2 SVKKKPH |
| 650 | 0 | 7 | |a učivo základných škôl |2 SVKKKPH |
| 650 | 0 | 7 | |a prijímacie pohovory |2 SVKKKPH |
| 650 | 0 | 7 | |a stredné školy |2 SVKKKPH |
| 655 | 7 | |a testy |2 SVKKKPH | |
| 655 | 7 | |a praktické cvičenia |2 SVKKKPH | |
| 700 | 1 | |a Saganová, Renáta |4 aut | |
| 830 | 0 | |a Edícia 2013 | |
| 910 | |a svkkk | ||
| 919 | |a 978-80-89380-17-6 | ||
| 998 | |a BK | ||
| 090 | |g SCKHL |k Sklad Hlavná 10 prízemie |a V.229631 |j 1044136 |i 2720266372 |s Absenčne | ||